000 01345cam a2200301 i 4500
003 SA-RiAUC
005 20250121134548.0
008 250120s1992 su a g b f00000 ara c
040 _aSA-RiAUC
_bara
_cSA-RiAUC
_erda
043 _aa-su---
082 0 4 _a307.7609531
090 _a307.7609531
_b س ر ي
100 1 _aالسرياني، محمد محمود
_eمؤلف.
245 1 0 _aملامح التحضر في المملكة العربية السعودية /
_cإعداد محمد محمود السرياني.
264 1 _aمكة المكرمة :
_bجامعة أم القرى، معهد البحوث العلمية وإحياء التراث الإسلامي،
_c1992
300 _a110 صفحة :
_bجداول ؛
_c24 سم.
336 _aنص
_btxt
_2rdacontent
_3كتاب
337 _aبدون وسيط
_bn
_2rdamedia
338 _aمجلد
_bnc
_2rdacarrier
490 0 _aسلسلة بحوث العلوم الاجتماعية ؛
_v16
504 _aببليوجرافية : صفحة 103-110.
650 7 _aالتنمية الحضرية
_zالسعودية
_2aucsh
650 7 _aالمدن
_zالسعودية
_2aucsh
650 7 _aعلم الاجتماع الحضري
_zالسعودية
_2aucsh
651 7 _aالسعودية
_xأحوال اجتماعية
_2aucsh
942 _2ddc
_cBOOK
_n0
949 _aSA-JeALM
_d250120
_umohamedma123
_n1
999 _c5081
_d5081